Online Catalogue and eLibrary

Naweena kotpaattu aaivukal : (Record no. 4673)

MARC details
000 -LEADER
fixed length control field 00405nam a2200145Ia 4500
005 - DATE AND TIME OF LATEST TRANSACTION
control field 20250317044745.0
008 - FIXED-LENGTH DATA ELEMENTS--GENERAL INFORMATION
fixed length control field 240331s9999 xx 000 0 und d
082 ## - DDC Classification
Class No. 894
Item Number - Author Mark NAV
100 ## - MAIN ENTRY--PERSONAL NAME
Personal name Kamal,P.N
245 #0 - TITLE STATEMENT
Title Naweena kotpaattu aaivukal :
Remainder of title tamil illakiyathai munvaithu
260 ## - PUBLICATION, DISTRIBUTION, ETC.
Place of publication, distribution, etc. Bangalore
Name of publisher, distributor, etc. Kaavya
Date of publication, distribution, etc. 1999
300 ## - PHYSICAL DESCRIPTION
Extent (e.g. Volumes, Pages etc.) 154 p .,
650 ## - SUBJECT ADDED ENTRY--TOPICAL TERM
Topical term or geographic name entry element Tamil Ilakkiyathai munvaithu Eluthiya Aaivu
942 ## - Koha item type (Biblio)
Koha item type Books in Stacks (Lending)
Holdings
Lost status Damaged status Collection code Home library Current library Shelving location Date acquired Accession Number Item type
    Lending WERC Library WERC Library Social Science Cupboard 03/31/2024 4409 Books in Stacks (Lending)

© WERC Library